100 Largest US Cities - W (+ one X) - Statistics

General Stats
  • This quiz has been taken 208 times
  • The average score is 29 of 101
Answer Stats
Rank Population City % Correct
1 714,153 Washington, DC
95%
73 32,124 Washington, UT
94%
2 391,352 Wichita, KS
78%
4 185,174 Worcester, MA
76%
27 69,584 Wilmington, DE
73%
8 126,000 Wilmington, NC
73%
5 141,936 Waco, TX
68%
7 133,077 Warren, MI
68%
57 39,514 Warren, OH
68%
3 250,765 Winston-Salem, NC
57%
10 113,749 West Palm Beach, FL
53%
18 81,080 Warwick, RI
50%
82 28,310 Winchester, VA
49%
15 90,445 Westminster, CA
48%
11 113,044 Westminster, CO
48%
29 66,078 Wellington, FL
46%
6 133,780 West Valley City, UT
43%
22 75,323 Wyoming, MI
43%
71 32,914 Walla Walla, WA
42%
12 106,458 Waterbury, CT
42%
24 71,438 Weston, FL
41%
43 49,819 Wilson, NC
41%
64 36,125 Watertown, MA
40%
9 118,220 West Jordan, UT
39%
13 105,337 Wichita Falls, TX
39%
28 66,540 Waterloo, IA
37%
23 71,991 Waukesha, WI
37%
16 84,865 Waukegan, IL
33%
60 38,290 Wheeling, IL
33%
96 25,990 Wheeling, WV
33%
X 27,385 Xenia, OH
33%
47 47,923 Westfield, IN
32%
53 40,964 Westfield, MA
32%
80 28,976 Westfield, NJ
32%
38 54,070 West Haven, CT
32%
97 25,846 Windsor, CA
32%
69 33,495 Windsor, CO
32%
14 103,375 West Covina, CA
31%
59 38,477 Wausau, WI
30%
26 70,487 West Des Moines, IA
29%
19 81,029 Westland, MI
29%
33 60,696 Woodland, CA
29%
84 28,016 Westport, CT
28%
35 58,045 White Plains, NY
28%
74 31,750 Westlake, OH
27%
42 52,019 Wheaton, IL
26%
17 83,712 Whittier, CA
26%
85 27,776 Williamsport, PA
26%
67 34,647 Woodstock, GA
26%
100 25,186 Woodstock, IL
26%
52 41,899 Woonsocket, RI
26%
41 52,833 West New York, NJ
25%
20 80,121 Warner Robins, GA
24%
91 26,406 West Chicago, IL
24%
55 40,498 Wilkes-Barre, PA
24%
72 32,189 Williston, ND
22%
21 76,022 Woodbury, MN
22%
58 38,654 West Fargo, ND
21%
65 36,051 West Hollywood, CA
21%
86 26,993 Wakefield, MA
20%
79 29,235 Walnut, CA
19%
30 63,063 West Hartford, CT
19%
39 53,818 Watsonville, CA
18%
31 62,359 Waltham, MA
17%
75 31,619 West Bend, WI
17%
37 54,950 West Lafayette, IN
17%
25 70,812 Walnut Creek, CA
16%
68 34,614 Wenatchee, WA
16%
32 60,850 West Allis, WI
16%
66 35,420 Wildwood, MO
16%
93 26,334 Winona, MN
16%
45 48,841 Wake Forest, NC
15%
46 47,968 Wauwatosa, WI
15%
40 53,355 West Sacramento, CA
15%
34 58,216 Weymouth, MA
15%
48 47,699 Winter Garden, FL
15%
44 48,917 Winter Haven, FL
15%
56 40,116 Woburn, MA
15%
95 26,142 Wooster, OH
14%
83 28,273 West Springfield, MA
13%
81 28,747 Wellesley, MA
12%
77 30,300 Wasco, CA
11%
36 57,195 Wylie, TX
11%
54 40,716 Waxahachie, TX
10%
63 36,997 Weatherford, TX
10%
50 42,645 Westerville, OH
10%
99 25,492 Wilsonville, OR
10%
78 30,233 Winter Park, FL
10%
62 37,294 Winter Springs, FL
10%
70 33,280 Woodridge, IL
9%
49 43,576 Wentzville, MO
8%
89 26,799 Woodburn, OR
7%
87 26,833 Waukee, IA
6%
51 42,481 Weslaco, TX
6%
92 26,373 West Melbourne, FL
6%
61 37,515 Wildomar, CA
6%
88 26,827 Wilmette, IL
6%
90 26,680 West Linn, OR
5%
76 31,222 Wheat Ridge, CO
5%
98 25,841 White Bear Lake, MN
4%
94 26,171 Wethersfield, CT
3%
No matching quizzes found
Score Distribution
Percent of People with Each Score
Percentile by Number Answered
Your Score History
You have not taken this quiz